Nodo de cooperación para los países de América Latina y el Caribe (Record no. 172228)
[ view plain ]
| 000 -LEADER | |
|---|---|
| fixed length control field | 00487nam a2200133Ia 4500 |
| 008 - FIXED-LENGTH DATA ELEMENTS--GENERAL INFORMATION | |
| fixed length control field | 230503t2006||||xx |||||||||||||| ||spa|| |
| 110 ## - MAIN ENTRY--CORPORATE NAME | |
| Corporate name or jurisdiction name as entry element | Instituto interamericano de cooperación para la agricultura |
| 245 #0 - TITLE STATEMENT | |
| Title | Nodo de cooperación para los países de América Latina y el Caribe |
| 260 ## - PUBLICATION, DISTRIBUTION, ETC. (IMPRINT) | |
| Place of publication, distribution, etc | Santiago de Chile |
| Name of publisher, distributor, etc | IICA |
| Date of publication, distribution, etc | 2006 |
| 260 ## - PUBLICATION, DISTRIBUTION, ETC. (IMPRINT) | |
| Date of publication, distribution, etc | 2006 |
| 300 ## - PHYSICAL DESCRIPTION | |
| Extent | 86 páginas |
| 500 ## - GENERAL NOTE | |
| General note | (1-022.00) |
| 856 ## - ELECTRONIC LOCATION AND ACCESS | |
| Uniform Resource Identifier | <a href="http://repositorio.iica.int/handle/11324/7405">http://repositorio.iica.int/handle/11324/7405</a> |
| Link text | Click para acceder al recurso |
No items available.